Uroki francuzskogo : kniga dlja čtenija s zadanijami dlja izučajuščich russkij jazyk kak inostrannyj : A2 /

Hlavní autor: Jeremina, N. A.
Další autoři: Rasputin, Valentin Grigor'jevič, 1937-2015.
Jazyk: Ruština
Vydáno: Moskva : Russkij jazyk. Kursy, 2015
Vydání: Učebnoje izdanije
Edice: Klassnoje čtenije
Témata:
Fyzický popis: 40 stran ; 21 cm
Knihy
Uloženo v:
LEADER 01814nam a2200481 i 4500
001 001514591
003 CZ BrMZK
005 20160902075405.0
007 ta
008 160304s2015 ru g 000 j ruso
020 |a 978-5-88337-391-5  |q (brožováno) 
040 |a BOA001  |b cze  |e rda 
072 7 |a 811.161.1  |x Ruština  |2 Konspekt  |9 11 
072 7 |a 821.161.1  |x Ruská literatura  |2 Konspekt  |9 25 
080 |a 811.161.1  |2 MRF 
080 |a 821.161.1-32  |2 MRF 
080 |a 028.4-028.31/.32  |2 MRF 
080 |a (0.046.6)  |2 MRF 
080 |a (07.063)81  |2 MRF 
080 |a (0:82-32)  |2 MRF 
100 1 |a Jeremina, N. A.  |7 mzk2016898998  |4 aut  |4 cwt 
245 1 0 |a Uroki francuzskogo :  |b kniga dlja čtenija s zadanijami dlja izučajuščich russkij jazyk kak inostrannyj : A2 /  |c V.G. Rasputin ; adaptacija teksta, kommentarij: Èremina N.A. 
250 |a Učebnoje izdanije 
264 1 |a Moskva :  |b Russkij jazyk. Kursy,  |c 2015 
300 |a 40 stran ;  |c 21 cm 
336 |a text  |b txt  |2 rdacontent 
337 |a bez média  |b n  |2 rdamedia 
338 |a svazek  |b nc  |2 rdacarrier 
490 1 |a Klass!noje čtenije 
500 |a "A2 - do 1300 slov"--Zadní strana obálky 
500 |a 1000 výtisků 
650 0 7 |a ruština  |7 ph125351  |2 czenas 
650 0 7 |a zjednodušená četba  |7 ph656682  |2 czenas 
653 0 |a jazyková úroveň A2 
655 7 |a literární adaptace  |7 fd133318  |2 czenas 
655 7 |a jazykové učebnice, texty, příručky (A)  |7 fd600889  |2 czenas 
655 7 |a ruské povídky  |7 fd133318  |2 czenas 
700 1 2 |a Rasputin, Valentin Grigor'jevič,  |d 1937-2015.  |t Uroki francuzskogo 
830 0 |a Klassnoje čtenije 
910 |a BOA001  |b 2-1362.447 
990 |a BK 
991 |b 201603  |c NOV 
996 7 |b 2610663734  |c 2-1362.447  |l Cizojazyčná beletrie  |r ZHR  |n 9  |p kupz  |h CG (RU)  |w 001550145  |u 000010  |a 0  |e BOA001  |j MZK50  |s A